000 00501nam a22001577a 4500
003 OSt
008 260624b |||||||| |||| 00| 0 eng d
020 _a9789390425310
082 _a570.285
_bS61B
245 _aBioinformatics: Concepts And Applications/by Satendra Singh...[et al.]
260 _aNew Delhi:
_bInternational Books & Periodicals Supply Service,
_c2022.
300 _avii, 163 p.
650 _aPure Sciences | Biology | Bioinformatics
700 _aSingh, Satendra
942 _2ddc
_cBK
999 _c52284
_d52284